000 00338nam a22001217a 4500
003 SGT
082 _a616.0757
_bT21S
100 _aSETHI, MANAV
245 _aTO STUDY AND CORRELATE CLINICAL STATUS OF INTERNAL DERANGEMENT OF KNEE WITH SPECTRUM OF MRI FINDINGS
260 _aGURUGRAM
_bSGT UNIVERSITY
_c2021
300 _a96
942 _2ddc
_cTH
999 _c26557
_d26557